LEADER 04933nam 22006495 450 001 9910983338903321 005 20241101115734.0 010 $a9783031718670 010 $a3031718674 024 7 $a10.1007/978-3-031-71867-0 035 $a(MiAaPQ)EBC31749045 035 $a(Au-PeEL)EBL31749045 035 $a(CKB)36479389300041 035 $a(DE-He213)978-3-031-71867-0 035 $a(OCoLC)1467875145 035 $a(EXLCZ)9936479389300041 100 $a20241101d2025 u| 0 101 0 $aeng 135 $aurcnu|||||||| 181 $ctxt$2rdacontent 182 $cc$2rdamedia 183 $acr$2rdacarrier 200 10$aProceedings of the 11th International Conference of Ar.Tec. (Scientific Society of Architectural Engineering) $eColloqui.AT.e 2024 - Volume 3 /$fedited by Rossella Corrao, Tiziana Campisi, Simona Colajanni, Manfredi Saeli, Calogero Vinci 205 $a1st ed. 2025. 210 1$aCham :$cSpringer Nature Switzerland :$cImprint: Springer,$d2025. 215 $a1 online resource (800 pages) 225 1 $aLecture Notes in Civil Engineering,$x2366-2565 ;$v612 311 08$a9783031718663 311 08$a3031718666 327 $aFrom destruction to regeneration. An integrative approach creating ecosystemic living spaces in architecture and urbanism -- Ruralkit Integrated spatial devices for multifunctional rural farms and countryside facilities in Sardinia -- Exploring the potential Role of AI Tools in Automating Design Validation for Building Code Compliance in Design Construction -- The Digitisation of the Cultural Heritage understanding the requirements to define a methodology -- Eco Friendly Materials and Products from the Waste Derived from the Processing of Apricena Stone State of the Art and New Employment Prospects -- Methodology for designing adaptive facade components smart materials and 4D printing for resilient construction -- Multi criteria approach for assessing the sustainable skin for temporary housing modules -- A Comparison of Digital Procedures to support Renovation Processes of the Built Environment -- Building Heritage Materials Passports BHMPs for Resilient Communities -- Reversible building design Material circularity and life cycle extension in the construction industry -- Valorisation and reuse of cereal wastes for construction applications in a circular economy perspective a review of the state of the art -- Innovative cardboard components for architecture methodologies for performances and durability assessment -- Sustainable architecture computational modeling of green roofs through BIM and Dynamo VPL integration -- The Innovation Imagined for the Window International Patents in Comparison -- Sustainability Assessment of Refurbishment vs New ZEB Construction Systems A Long Term LCA Perspective on Durability and Building Lifespan -- Pilot Project of a New Positive Energy Timber Building for Sustainable Climate Positive Circular Communities Challenges Opportunities and Innovations. 330 $aThis book gathers the proceedings of the 11th International Conference of Ar.Tec. (Scientific Society of Architectural Engineering), Colloqui.AT.e, which was held in Palermo, Italy, on June 12?15, 2024, and brought together scholars in the fields of construction and conservation history, building construction and performance, building design, and technologies. Digital transition and design of 4.0 buildings, digital twins for the management of historical building heritage, building-human-environment relationships, and mitigation of vulnerabilities for the preservation of the built environment are also explored. The contributions demonstrate that architectural engineering enables the construction of sustainable, resilient, adaptive, and high-performance buildings, and as such is instrumental in fighting against climate change. 410 0$aLecture Notes in Civil Engineering,$x2366-2565 ;$v612 606 $aBuildings$xDesign and construction 606 $aCultural property 606 $aBuilding information modeling 606 $aBuilding Construction and Design 606 $aCultural Heritage 606 $aBuilding Information Modeling 615 0$aBuildings$xDesign and construction. 615 0$aCultural property. 615 0$aBuilding information modeling. 615 14$aBuilding Construction and Design. 615 24$aCultural Heritage. 615 24$aBuilding Information Modeling. 676 $a690 700 $aCorrao$b Rossella$01239394 701 $aCampisi$b Tiziana$01785150 701 $aColajanni$b Simona$01327324 701 $aSaeli$b Manfredi$01785151 701 $aVinci$b Calogero$0107166 801 0$bMiAaPQ 801 1$bMiAaPQ 801 2$bMiAaPQ 906 $aBOOK 912 $a9910983338903321 996 $aProceedings of the 11th International Conference of Ar.Tec. (Scientific Society of Architectural Engineering)$94316770 997 $aUNINA